Incompletisimo diccionario de economía ; 5 : biografías, términos y relaciones /
Guardado en:
| Autor Principal: | |
|---|---|
| Formato: | Libro |
| Publicado: |
Buenos Aires :
Macchi,
2000
|
| Materias: | |
| Etiquetas: |
Agregar Etiqueta
Sin Etiquetas, Sea el primero en etiquetar este registro!
|
| LEADER | 00840nam a22002055a 4500 | ||
|---|---|---|---|
| 001 | CEM.cems014454 | ||
| 005 | 20140814161720.0 | ||
| 008 | 130507s2000##################000#0#####d | ||
| 003 | CEMS | ||
| 020 | |a 9505375042 | ||
| 082 | 0 | 4 | |a 330.3 |
| 100 | 1 | |a Pablo, Juan Carlos de | |
| 245 | 1 | 0 | |a Incompletisimo diccionario de economía ; 5 : |b biografías, términos y relaciones / |c Juan Carlos de Pablo |
| 260 | |a Buenos Aires : |b Macchi, |c 2000 | ||
| 300 | |a 304 p. | ||
| 500 | |a Como en los volúmenes anteriores, actualizó la tabla que contiene los datos biográficos más elementales de los principales economistas vivos o muertos e incluyó un esnayo no publicado anteriormente "diez años de una buena idea" | ||
| 653 | |a Economía | ||
| 653 | |a Diccionario | ||
| 653 | |a Biografías | ||
| 859 | |a CEMS |b BIB. CEMS - 11 de abril |h 330.3 |i P112-1 |p 27014.14 |t Ej.1 | ||
